| 000 | 00000nam##2200000za#4500 |
| 001 | 9.688513 |
| 003 | CaOODSP |
| 005 | 20210624231448 |
| 007 | cr ||||||||||| |
| 008 | 150407|2000||||xxc|||||o f|0| 0 eng|d |
| 040 | |aCaOODSP|beng |
| 043 | |an-cn--- |
| 086 | 1 |aSW21-88/2001E-PDF |
| 110 | 1 |aCanada. |bStatus of Women Canada. |
| 245 | 10|aWomen and trade in Canada : |h[electronic resource]|ban overview of key issues / |c[by] Cathy Blacklock. |
| 260 | |aOttawa - Ontario : |bStatus of Women Canada |c2000. |
| 300 | |a31p.|breferences |
| 500 | |aThe catalogue number and ISBN for the bilingual print edition have been incorrectly copied in this electronic publication. |
| 590 | |a06-10-Supp|b2006-12-15 |
| 690 | 07|aFree trade|2gcpds |
| 690 | 07|aInternational trade|2gcpds |
| 690 | 07|aStatus of women|2gcpds |
| 690 | 07|aTrade policy|2gcpds |
| 720 | 1 |aBlacklock, Cathy |
| 775 | 08|tLes Canadiennes et le commerce : |w(CaOODSP)9.632939 |
| 776 | 0#|tWomen and trade in Canada : |w(CaOODSP)9.663345 |
| 776 | 0#|tLes Canadiennes et le commerce : |w(CaOODSP)9.663346 |
| 856 | 40|ahttp://publications.gc.ca|qPDF|s453 KB|uhttps://publications.gc.ca/collections/Collection/SW21-88-2001E.pdf |